A domonkosok letelepedése Magyarországon
Elmentve itt :
| Szerző: | |
|---|---|
| Testületi szerző: | |
| Dokumentumtípus: | Könyv része |
| Megjelent: |
2016
|
| Sorozat: | A vallási kultúrakutatás könyvei
A Szent Domonkos Rend és a kunok |
| Kulcsszavak: | Domonkos-rend - Magyarország - története, Szerzetesrend - domonkos - Magyarország |
| Tárgyszavak: | |
| Online Access: | http://acta.bibl.u-szeged.hu/67375 |
| LEADER | 00971naa a2200241 i 4500 | ||
|---|---|---|---|
| 001 | acta67375 | ||
| 005 | 20211004092452.0 | ||
| 008 | 200415s2016 hu o 0|| hun d | ||
| 020 | |a 978-963-306-465-8 | ||
| 022 | |a 2064-4825 | ||
| 040 | |a SZTE Egyetemi Kiadványok Repozitórium |b hun | ||
| 041 | |a hun | ||
| 100 | 2 | |a Zágorhidi Czigány Balázs | |
| 245 | 1 | 2 | |a A domonkosok letelepedése Magyarországon |h [elektronikus dokumentum] / |c Zágorhidi Czigány Balázs |
| 260 | |c 2016 | ||
| 300 | |a 105-114 | ||
| 490 | 0 | |a A vallási kultúrakutatás könyvei | |
| 490 | 0 | |a A Szent Domonkos Rend és a kunok | |
| 650 | 4 | |a Bölcsészettudományok | |
| 650 | 4 | |a Történettudomány és régészet | |
| 695 | |a Domonkos-rend - Magyarország - története, Szerzetesrend - domonkos - Magyarország | ||
| 710 | |a A Szent Domonkos rend és a kunok (2015) (Kunszentmárton) | ||
| 856 | 4 | 0 | |u http://acta.bibl.u-szeged.hu/67375/1/vallasi_kulturakutatas_konyvei_022_105-114.pdf |z Dokumentum-elérés |